LIBRARY ONLINE CATALOGUE

The Record of the Royal Geographical Society 1830-1930 / (Record no. 5335)

MARC details
000 -LEADER
fixed length control field 00554cam a22001932 4500
001 - CONTROL NUMBER
control field 0000001614
005 - DATE AND TIME OF LATEST TRANSACTION
control field 20151217151822.0
008 - FIXED-LENGTH DATA ELEMENTS--GENERAL INFORMATION
fixed length control field 070319s xx 000 0 eng d
040 ## - CATALOGING SOURCE
Original cataloging agency KABU
Transcribing agency KABU
050 #0 - LIBRARY OF CONGRESS CALL NUMBER
Classification number G7
Item number .R69M55
100 1# - MAIN ENTRY--PERSONAL NAME
Personal name Mill, Hugh Robert.
-- 0000150496
245 14 - TITLE STATEMENT
Title The Record of the Royal Geographical Society 1830-1930 /
260 ## - PUBLICATION, DISTRIBUTION, ETC. (IMPRINT)
Place of publication, distribution, etc. London :
Name of publisher, distributor, etc. RGS,
Date of publication, distribution, etc. 1930.
300 ## - PHYSICAL DESCRIPTION
Extent xvi, 288 p.
610 20 - SUBJECT ADDED ENTRY--CORPORATE NAME
Corporate name or jurisdiction name as entry element Royal Geographical Society.
-- 0000150497
908 ## - PUT COMMAND PARAMETER (RLIN)
Put command parameter 070319
950 ## - LOCAL HOLDINGS (RLIN)
-- 1
Holdings
Withdrawn status Lost status Source of classification or shelving scheme Not for loan Home library Current library Date acquired Total Checkouts Full call number Barcode Date last seen Price effective from Koha item type
    Library of Congress Classification   Kabarak, Main Campus Kabarak, Main Campus 17/12/2015   G7 .R69M55 c. 1 33964 17/12/2015 17/12/2015 General Collection